000 00339nam a2200145Ia 4500
008 150201s2011 xx 000 0 und d
082 _a617.6
_bD2008K
100 _aKOHLI,ANIL
245 _aDENTAL CARE FOR CHILDERN
250 _a1ST
260 _bELSEVIER
_aDELHI
_c2011
300 _a1-350
650 _aPEDODONTICS
942 _2ddc
_cBK
_03
999 _c4682
_d4682